Hotel

Salvato in:
Dettagli Bibliografici
Autore principale: Šafárová, Kitti, 1989- (Autore)
Altri autori: Vavrovič, Boris, 1971- (Relatore della tesi)
Natura: Manoscritto Libro
Lingua:inglese
Pubblicazione: Bratislava : STU v Bratislave SvF, 2014
Soggetti:
Accesso online:VAIS
Tags: Aggiungi Tag
Nessun Tag, puoi essere il primo ad aggiungerne!!

MARC

LEADER 00000ntm a22000003a 4500
001 stu297307
005 20150617230309.1
008 140919s2014----xo------------------eng-d
040 |a STU  |b slo 
041 0 |a eng 
044 |a xo 
100 1 |a Šafárová, Kitti,  |d 1989-  |4 aut  |u V  |T SvF Stavebná fakulta  |X 59309  |U V  |Y 10  |7 A000059309 
245 1 |a Hotel 
260 |a Bratislava :  |b STU v Bratislave SvF,  |c 2014 
650 7 |a architektonické konštrukcie a projektovanie  |2 stusub 
650 7 |a Architectural Constructions and Design  |2 estusub 
650 7 |a hotel  |2 stusub 
700 1 |a Vavrovič, Boris,  |d 1971-  |4 ths  |u V180  |U SvF Stavebná fakulta  |T SvF Katedra konštrukcií pozemných stavieb  |X 619  |U V180  |Y 18  |7 A000000619 
856 4 |a info a plný text  |u http://is.stuba.sk/zp/portal_zp.pl?podrobnosti=101458  |3 VAIS